Pokémon - Les attaques de Foretress - Statistiques

Statistiques générales
  • Ce quiz a été pris 24 fois
  • Le résultat moyen est 10 sur 20
Statistiques - réponses
Niveaux Types Noms des coups % Correct
Départ Normal Charge
92%
Niveau 28 Sol Picots
85%
Niveau 42 Acier Mur de Fer
77%
Départ Niveau 6 Normal Destruction
69%
Niveau 36 Normal Explosion
69%
Niveau 46 Acier Gyroballe
69%
Départ Poison Pics Toxik
69%
DépartNiveau 60 Electrique Élecanon
62%
Niveau 12 Normal Bélier
54%
Niveau 50 Normal Damoclès
54%
Départ Normal Abri
46%
Départ Niveau 9 Insecte Piqûre
46%
Départ Évolution Acier Miroi-Tir
31%
Niveau 17 Normal Tour Rapide
31%
DépartNiveau 56 Electrique Vol Magnétik
31%
Départ Évolution Acier Allègement
23%
Niveau 32 Ténèbres Représailles
23%
DépartNiveau 64 Acier Tacle Lourd
23%
Niveau 23 Normal Don Naturel
8%
Niveau 20 Normal Patience
0%
Aucun quiz correspondant
Distribution des résultats
% des personnes avec chaque résultat
Percentile par nombre de réponses
Votre historique - résultats
Vous n’avez pas pris ce quiz